The noble scholar, jurist, historian


 His Excellency Dr. Abdul Wahhab bin Ibrahim Abu Sulaiman, may Allah have mercy on him.


 He was born in Umm Al-Qura in the year 1356 AH.

التاريخ والمؤرخون بالمدينة المنورة من العصر الأموي إلى القرن الرابع عشر الهجري / (Record no. 5601)

MARC details
000 -LEADER
fixed length control field 01435cam a2200301 i 4500
003 - CONTROL NUMBER IDENTIFIER
control field SA-RiAUC
005 - DATE AND TIME OF LATEST TRANSACTION
control field 20250822123004.0
008 - FIXED-LENGTH DATA ELEMENTS--GENERAL INFORMATION
fixed length control field 250129s2015____su g b f000r0cara c
020 ## - INTERNATIONAL STANDARD BOOK NUMBER
International Standard Book Number 978603053781
040 ## - CATALOGING SOURCE
Original cataloging agency SA-JeALM
Language of cataloging ara
Transcribing agency SA-RiAUC
Modifying agency KAC
Description conventions rda
043 ## - GEOGRAPHIC AREA CODE
Geographic area code a-su---
082 04 - DEWEY DECIMAL CLASSIFICATION NUMBER
Classification number 953.122
Assigning agency SA-RiAUC
090 ## - LOCALLY ASSIGNED LC-TYPE CALL NUMBER (OCLC); LOCAL CALL NUMBER (RLIN)
Classification number (OCLC) (R) ; Classification number, CALL (RLIN) (NR) 953.122
Local cutter number (OCLC) ; Book number/undivided call number, CALL (RLIN) هـ ي ل
100 1# - MAIN ENTRY--PERSONAL NAME
Personal name الهيلة، محمد الحبيب،
Dates associated with a name 1931-
Relator term مؤلف.
245 12 - TITLE STATEMENT
Title التاريخ والمؤرخون بالمدينة المنورة من العصر الأموي إلى القرن الرابع عشر الهجري /
Statement of responsibility, etc. محمد الحبيب الهيلة.
264 #1 - PRODUCTION, PUBLICATION, DISTRIBUTION, MANUFACTURE, AND COPYRIGHT NOTICE
Place of production, publication, distribution, manufacture المدينة المنورة :
Name of producer, publisher, distributor, manufacturer مركز بحوث ودراسات المدينة المنورة،
Date of production, publication, distribution, manufacture, or copyright notice 2015
300 ## - PHYSICAL DESCRIPTION
Extent 369 صفحة ؛
Dimensions 24 سم.
336 ## - CONTENT TYPE
Content type term نص
Content type code txt
Source rdacontent
Materials specified كتاب
337 ## - MEDIA TYPE
Media type term بدون وسيط
Media type code n
Source rdamedia
338 ## - CARRIER TYPE
Carrier type term مجلد
Carrier type code nc
Source rdacarrier
490 0# - SERIES STATEMENT
Series statement مطبوعات نادي المدينة المنورة الأدبي ؛
Volume/sequential designation 103
500 ## - GENERAL NOTE
General note اهداء من المؤلف محمد الحبيب الهيلة بتاريخ 14 جمادى الاولى 1438 هـ
504 ## - BIBLIOGRAPHY, ETC. NOTE
Bibliography, etc. note ببليوجرافية : صفحة 335-369.
650 #7 - SUBJECT ADDED ENTRY--TOPICAL TERM
Topical term or geographic name entry element المؤرخون العرب
Form subdivision تراجم
Source of heading or term aucsh
651 #7 - SUBJECT ADDED ENTRY--GEOGRAPHIC NAME
Geographic name المدينة المنورة
General subdivision تاريخ
Chronological subdivision العصر الأموي، 41-132 هجري.
Source of heading or term aucsh
942 ## - ADDED ENTRY ELEMENTS (KOHA)
Source of classification or shelving scheme Dewey Decimal Classification
Koha item type Books
Suppress in OPAC No
949 ## - LOCAL PROCESSING INFORMATION (OCLC)
a SA-JeALM
d 250129
u osman123
n 1
Holdings
Withdrawn status Lost status Source of classification or shelving scheme Damaged status Not for loan Collection Home library Current library Date acquired Total checkouts Full call number Barcode Date last seen Price effective from Koha item type
    Dewey Decimal Classification     اهداء DR AbdElwahab Library DR AbdElwahab Library 02/05/2025   953.122 هـ ي ل 000009312 02/05/2025 02/05/2025 Books
    Dewey Decimal Classification     اهداء DR AbdElwahab Library DR AbdElwahab Library 08/22/2025   953.122 هـ ي ل 000017864 08/22/2025 08/22/2025 Books